Пропуск в контексте

Модуляция двигательных рефлексов при компрессии пояснично-крестцовых спинномозговых корешков и сопутствующие изменения электролитов сыворотки крови Диссертации и авторефераты

Сохранить в:
Библиографические подробности
Главный автор: Тупякова О.В
Формат: Диссертации и авторефераты
Редакция:1
Online-ссылка:https://znanium.com/catalog/document?id=39098
https://znanium.com/cover/0458/458508.jpg
Метки: Добавить метку
Нет меток, Требуется 1-ая метка записи!
LEADER 01808nam0a2200313 i 4500
001 RU\infra-m\znanium\bibl\458508
003 https://znanium.com/catalog/document?id=39098
005 20200717000000.0
100 |a 20200717d2014 m y0rusy0150 ca 
101 0 |a rus 
102 |a RU 
200 1 |a Модуляция двигательных рефлексов при компрессии пояснично-крестцовых спинномозговых корешков и сопутствующие изменения электролитов сыворотки крови  |e Диссертации и авторефераты  |f Великолукская государственная академия физической культуры и спорта 
205 |a 1 
215 |a 17 с. 
333 |a ВО - Магистратура 
606 |a Медицина. Фармакология  |x Спортивная медицина  |2 local 
608 |a Диссертации и авторефераты  |2 local 
675 |a 6167  |z rus 
686 |a 5418  |2 rubbk 
686 |a 30.05.02  |2 okso 
686 |a 31.05.01  |2 okso 
686 |a 31.06.01  |2 okso 
686 |a 31.08.42  |2 okso 
686 |a 31.08.66  |2 okso 
686 |a 31.08.67  |2 okso 
700 1 |a Тупякова  |b О.В.  |g Ольга Владимировна  |p Великолукская государственная академия физической культуры и спорта 
801 0 |a RU  |b Общество с ограниченной ответственностью «ЗНАНИУМ»  |c 20140217  |2 rusmarc 
856 4 |a znanium.com  |m ebs_support@infra-m.ru  |n НИЦ ИНФРА-М  |u https://znanium.com/catalog/document?id=39098 
856 4 1 |a znanium.com  |d /cover/0458  |f 458508.jpg  |q image/jpeg  |u https://znanium.com/cover/0458/458508.jpg